00335nam a2200121Ia 4500008004100000082001900041100003000060245003100090250001100121260002100132300001100153650004900164120622s9999 xx 000 0 und d a833 H587s 1988 aHesse, Hermann, 1877-1962 aSiddhartha / Hermann Hesse a10a ed aMéxico : Epoca a171 p. a1. NOVELA ALEMANA \ 2. LITERATURA ALEMANAÌ